Nuova architettura dell'agrimensura di terre, et acque di Alessandro Capra architetto cremonese (Record no. 114199)
[ view plain ]
| 000 -LEADER | |
|---|---|
| fixed length control field | 00879cam a22001815a 4500 |
| 001 - CONTROL NUMBER | |
| control field | L156350 |
| 008 - FIXED-LENGTH DATA ELEMENTS--GENERAL INFORMATION | |
| fixed length control field | 120515s1672 it f 000 0 eng d |
| 035 ## - SYSTEM CONTROL NUMBER | |
| System control number | (Sirsi) u156350 |
| 041 0# - LANGUAGE CODE | |
| Language code of text/sound track or separate title | ita |
| 100 1# - MAIN ENTRY--PERSONAL NAME | |
| Personal name | Capra, Alessandro |
| 245 00 - TITLE STATEMENT | |
| Title | Nuova architettura dell'agrimensura di terre, et acque di Alessandro Capra architetto cremonese |
| Remainder of title | nel quale si da avvertimenti necessari tanto per governar terre, quanto per saperle comprar e vendere : si apporta il modo di far consegne e riconsegne per i fittabili e parimente la misura delle acque correnti : et il rimedio per oviare alla corrosione del fiume Po |
| 260 ## - PUBLICATION, DISTRIBUTION, ETC. | |
| Place of publication, distribution, etc. | In Cremona |
| Name of publisher, distributor, etc. | Per Paolo Puerone |
| Date of publication, distribution, etc. | [1672] |
| 300 ## - PHYSICAL DESCRIPTION | |
| Extent | [12], 88 p., [1] folded leaf of plates |
| Other physical details | ill., port. |
| Dimensions | 21 cm. |
| 583 ## - ACTION NOTE | |
| Action | Condition reviewed |
| Time/date of action | 20120620 |
| Status | condition level 1 |
| 651 #4 - SUBJECT ADDED ENTRY--GEOGRAPHIC NAME | |
| Geographic name | International |
| 690 ## - LOCAL SUBJECT ADDED ENTRY--TOPICAL TERM (OCLC, RLIN) | |
| Topical term or geographic name as entry element | Design and specification |
| 942 ## - ADDED ENTRY ELEMENTS (KOHA) | |
| Suppress in OPAC | 0 |
| Withdrawn status | Lost status | Damaged status | Not for loan | Home library | Current library | Shelving location | Date acquired | Total Checkouts | Full call number | Barcode | Date last seen | Copy number | Price effective from | Koha item type |
|---|---|---|---|---|---|---|---|---|---|---|---|---|---|---|
| Historic collection | Historic collection | Historic collection | 15/05/2012 | INTERNATIONAL OCTAVO 1672 CAPRA | 30077578 | 20/08/2025 | 1 | 06/08/2019 | Book |